|
|
|
|
| LEADER |
00000cam a2200000 7i4500 |
| 001 |
0000001798 |
| 005 |
20220105103927.0 |
| 008 |
070709 |
| 020 |
|
|
|a 9833248845(set)
|
| 020 |
|
|
|a 9833248888
|
| 090 |
0 |
0 |
|a JP
|b MOR ENG (1969)
|
| 100 |
1 |
|
|a Baker, Rann
|
| 245 |
1 |
0 |
|a Leong gets a break
|c Rann Baker
|
| 260 |
|
|
|a Selangor :
|b Sama Publications and Distributors ,
|c 2007
|
| 440 |
|
|
|a Exemplary values series Vol.2
|
| 500 |
|
|
|a Children age 4-6 years old (yellow)
|
| 650 |
|
0 |
|a Junior preschool
|x English
|x Languages
|
| 650 |
|
0 |
|a Moral
|
| 710 |
0 |
|
|a Title
|
| 999 |
|
|
|a 0000918150
|b Book
|c Children Collection
|e Cawangan Bukit Gambir
|
| 999 |
|
|
|a 0000930044
|b Book
|c Children Collection
|e Cawangan Tangkak
|
| 999 |
|
|
|a 0000930045
|b Book
|c Children Collection
|e Cawangan Tangkak
|
| 999 |
|
|
|a 0000930046
|b Book
|c Children Collection
|e Cawangan Tangkak
|
| 999 |
|
|
|a 0000963045
|b Book
|c Children Collection
|e Cawangan Tmn. Ungku Tun Aminah
|
| 999 |
|
|
|a 0000963046
|b Book
|c Children Collection
|e Cawangan Bandar Penawar
|
| 999 |
|
|
|a 0000963047
|b Book
|c Children Collection
|e Cawangan Bukit Gambir
|
| 999 |
|
|
|a 0000963048
|b Book
|c Children Collection
|e Cawangan Tangkak
|
| 999 |
|
|
|a 0000965072
|b Book
|c Children Collection
|e Perbadanan Perpustakaan Awam Johor
|
| 999 |
|
|
|a 0000965073
|b Book
|c Children Collection
|e Perbadanan Perpustakaan Awam Johor
|
| 999 |
|
|
|a 0000965074
|b Book
|c Children Collection
|e Perbadanan Perpustakaan Awam Johor
|